[Event "ch-FRA Blitz Online Qual"]
[Site "Europe-Chess INT"]
[Date "2020.05.16"]
[Round "5"]
[White "Emmenecker, Philippe"]
[Black "Kurmann, Oliver"]
[Result "1-0"]
[BlackTitle "IM"]
[WhiteElo "2100"]
[BlackElo "2430"]
[WhiteFideId "616273"]
[BlackFideId "1308173"]
[EventDate "2020.05.16"]

1. d4 Nf6 2. c4 e6 3. Nf3 b6 4. Bf4 Bb7 5. e3 Bb4+ 6. Nfd2 O-O 7. a3 Be7 8. Nc3
d6 9. h3 c5 10. Nf3 cxd4 11. exd4 d5 12. cxd5 Nxd5 13. Nxd5 Qxd5 14. Be2 Nc6 15.
O-O Rfd8 16. Be3 Bf6 17. Qa4 Nxd4 18. Bxd4 Bxd4 19. Rfd1 e5 20. Rac1 a6 21. Rc7
b5 22. Qb4 Rac8 23. Rxc8 Rxc8 24. Qe7 h6 25. Nh4 e4 26. Nf5 Bxf2+ 27. Kh1 Qxf5
28. Qxb7 Re8 29. Bg4 Qf4 30. Qc6 Rf8 31. Qxa6 Bc5 32. Qxb5 Bd6 33. Kg1 e3 34.
Bf3 Qh2+ 35. Kf1 Qg3 36. Qe2 Bf4 37. Rc1 Rd8 38. Rc2 Qh2 39. g4 Qh1+ 40. Bxh1 1-0

[Event "ch-FRA Blitz Online Qual"]
[Site "Europe-Chess INT"]
[Date "2020.05.16"]
[Round "5"]
[White "Arnaudov, G. Petar"]
[Black "Verspecht, Thierry"]
[Result "1-0"]
[WhiteTitle "GM"]
[WhiteElo "2471"]
[BlackElo "2033"]
[WhiteFideId "2907127"]
[BlackFideId "202010"]
[EventDate "2020.05.16"]

1. Nf3 Nf6 2. c4 g6 3. Nc3 Bg7 4. e4 d6 5. d4 O-O 6. h3 Na6 7. Be3 c5 8. d5 Nc7
9. Bd3 e6 10. O-O exd5 11. exd5 Re8 12. a4 Na6 13. Rc1 Nb4 14. Bb1 a6 15. Qd2
Rb8 16. Rfe1 b5 17. axb5 axb5 18. b3 bxc4 19. bxc4 Ba6 20. Ne2 Ne4 21. Qd1 Qa5
22. Nd2 Nxd2 23. Qxd2 Qc7 24. Ng3 Re5 25. Bf4 Rxe1+ 26. Qxe1 Qd7 27. Qd2 Re8 28.
Ne4 1-0

[Event "ch-FRA Blitz Online Qual"]
[Site "Europe-Chess INT"]
[Date "2020.05.16"]
[Round "5"]
[White "Bourgeois, Florian"]
[Black "Polivanov, Anatoliy"]
[Result "0-1"]
[BlackTitle "IM"]
[WhiteElo "2033"]
[BlackElo "2452"]
[WhiteFideId "690660"]
[BlackFideId "14109468"]
[EventDate "2020.05.16"]

1. e4 e6 2. d4 d5 3. exd5 exd5 4. Nf3 Nc6 5. Bd3 Bg4 6. O-O Qd7 7. c3 Bd6 8. h3
Bh5 9. Be3 Nge7 10. Nbd2 f6 11. Qc2 O-O-O 12. c4 Nb4 13. Qc3 Nxd3 14. Qxd3 Bg6
15. Qc3 c6 16. c5 Bb8 17. b4 Be4 18. a4 g5 19. b5 g4 20. bxc6 Nxc6 21. Nxe4 gxf3
22. Ng3 Rhg8 23. Bd2 fxg2 24. Kxg2 h5 25. h4 Rg4 26. a5 a6 27. Rae1 Rdg8 28. Rh1
Nxd4 29. Re3 Nf5 30. Rf3 Nxh4+ 31. Rxh4 Rxh4 32. Qxf6 Qh3+ 33. Kg1 Qh1# 0-1

[Event "ch-FRA Blitz Online Qual"]
[Site "Europe-Chess INT"]
[Date "2020.05.16"]
[Round "5"]
[White "Travadon, Loic"]
[Black "Calvo, Dylan"]
[Result "1-0"]
[WhiteTitle "IM"]
[WhiteElo "2431"]
[BlackElo "2018"]
[WhiteFideId "26092131"]
[BlackFideId "36019410"]
[EventDate "2020.05.16"]

1. Nf3 c5 2. b3 Nc6 3. Bb2 d6 4. d4 cxd4 5. Nxd4 Nf6 6. e3 g6 7. Be2 Bg7 8. O-O
O-O 9. c4 e5 10. Nxc6 bxc6 11. Nc3 d5 12. cxd5 cxd5 13. Na4 Qe7 14. Rc1 Rd8 15.
Qc2 Bf5 16. Qc5 Qxc5 17. Nxc5 Rac8 18. Bxe5 Rxc5 19. Rxc5 Nd7 20. Bxg7 Nxc5 21.
Bd4 Ne4 22. f3 Nd6 23. Rc1 Rd7 24. Rc6 Bb1 25. a4 Ba2 26. b4 Bc4 27. Bxc4 Nxc4
28. Rc8+ 1-0

[Event "ch-FRA Blitz Online Qual"]
[Site "Europe-Chess INT"]
[Date "2020.05.16"]
[Round "5"]
[White "Bujisho, Benjamin"]
[Black "Maugenest, Ghislain"]
[Result "1-0"]
[WhiteTitle "IM"]
[WhiteElo "2290"]
[BlackElo "2013"]
[WhiteFideId "608610"]
[BlackFideId "36029483"]
[EventDate "2020.05.16"]

1. d4 d5 2. Bf4 Nf6 3. e3 c5 4. c3 Nc6 5. Nd2 g6 6. Ngf3 Bg7 7. Ne5 O-O 8. Be2
Nd7 9. Nxd7 Bxd7 10. Nf3 Re8 11. O-O Bf5 12. Qb3 e5 13. dxe5 Nxe5 14. Nxe5 Bxe5
15. Bxe5 Rxe5 16. Bf3 Qd7 17. Rad1 c4 18. Qa3 b6 19. Rd4 Rd8 20. Rfd1 Bd3 21. b3
Qc7 22. bxc4 dxc4 23. h3 Ra5 24. Qb2 Qe7 25. Rxd8+ Qxd8 26. Be2 Rd5 27. Bf3 Rd6
28. e4 Qf6 29. a4 Qe5 30. Qb4 Kg7 31. Re1 h5 32. h4 Rd7 33. Qb2 Qf4 34. Re3 Qxh4
35. g3 Qf6 36. Kg2 h4 37. e5 Qe7 38. e6 fxe6 39. Qc1 Bf5 40. Qe1 Rd3 41. g4 Rxe3
42. Qxe3 Bd3 43. Qd4+ e5 44. Qd5 e4 45. Bd1 e3 46. Qd4+ Kh7 47. fxe3 Be4+ 48.
Kg1 Qe6 49. Be2 Bd3 50. Bf3 a5 51. Qf4 Qe7 52. Kf2 Qa3 53. Qf7+ Kh6 54. Qf4+ Kh7
55. Qf7+ Kh6 56. g5+ Kxg5 57. Qf4# 1-0

[Event "ch-FRA Blitz Online Qual"]
[Site "Europe-Chess INT"]
[Date "2020.05.16"]
[Round "5"]
[White "Brunner, Nicolas"]
[Black "Bregnac, Tristan"]
[Result "1-0"]
[WhiteTitle "IM"]
[WhiteElo "2428"]
[BlackElo "2047"]
[WhiteFideId "620246"]
[BlackFideId "36017825"]
[EventDate "2020.05.16"]

1. d4 d5 2. c4 e6 3. Nf3 Nf6 4. Nc3 Nbd7 5. Bg5 c6 6. e3 Qa5 7. cxd5 Nxd5 8. Rc1
h6 9. Bh4 Bb4 10. Qd2 O-O 11. e4 Nxc3 12. bxc3 Ba3 13. Rb1 b6 14. Bd3 Ba6 15.
O-O Bxd3 16. Qxd3 Rac8 17. Nd2 b5 18. e5 Nb6 19. Ne4 Nd5 20. f4 Be7 21. Bxe7
Nxe7 22. Nd6 Rcd8 23. Rb2 Qc7 24. Rbf2 Nc8 25. Ne4 Ne7 26. Qh3 Rd7 27. g4 Nd5
28. f5 exf5 29. gxf5 Re7 30. f6 Re6 31. Rg2 g5 32. Qxh6 1-0

[Event "ch-FRA Blitz Online Qual"]
[Site "Europe-Chess INT"]
[Date "2020.05.16"]
[Round "5"]
[White "Alvin, Leo"]
[Black "Viennot, Dylan"]
[Result "0-1"]
[BlackTitle "FM"]
[WhiteElo "2025"]
[BlackElo "2331"]
[WhiteFideId "695645"]
[BlackFideId "676098"]
[EventDate "2020.05.16"]

1. d4 e6 2. Nc3 d5 3. Bf4 a6 4. e3 Nf6 5. Bd3 c5 6. Nf3 Nc6 7. Ne5 cxd4 8. Nxc6
bxc6 9. exd4 Bd6 10. Bg3 O-O 11. Qd2 Rb8 12. Rb1 Qc7 13. O-O e5 14. dxe5 Bxe5
15. Bxe5 Qxe5 16. Rfe1 Qd6 17. b3 h5 18. Ne2 c5 19. c4 d4 20. h3 Bb7 21. Qg5 Be4
22. Rbd1 Bxd3 23. Rxd3 Rfe8 24. Rg3 g6 25. Kf1 Ne4 0-1

[Event "ch-FRA Blitz Online Qual"]
[Site "Europe-Chess INT"]
[Date "2020.05.16"]
[Round "5"]
[White "Mekhane, Adam"]
[Black "Okhotnik, Vladimir"]
[Result "0-1"]
[BlackTitle "GM"]
[WhiteElo "2013"]
[BlackElo "2359"]
[WhiteFideId "36050601"]
[BlackFideId "14101289"]
[EventDate "2020.05.16"]

1. e4 c6 2. d4 d5 3. Nd2 dxe4 4. Nxe4 Nf6 5. Nxf6+ exf6 6. c3 Bd6 7. Bd3 O-O 8.
Qc2 h5 9. Ne2 Re8 10. O-O Qc7 11. h3 h4 12. Be3 Nd7 13. Rae1 Nf8 14. Qd2 Be6 15.
Nf4 Bxa2 16. c4 a5 17. Qc2 Bxf4 18. Bxf4 Qxf4 19. Ra1 Qxd4 20. Rxa2 Ne6 21. Raa1
Qf4 22. Ra3 Nd4 23. Qb1 c5 24. Qa1 b6 25. Qd1 Rad8 26. Qh5 Qg5 27. Qh7+ Kf8 28.
Qh8+ Ke7 29. Qh7 Kd6 30. Bb1 f5 31. Rd3 Rh8 32. Qxh8 Rxh8 33. f4 Qf6 0-1

[Event "ch-FRA Blitz Online Qual"]
[Site "Europe-Chess INT"]
[Date "2020.05.16"]
[Round "5"]
[White "Cotonnec, Melkior"]
[Black "Berger Dit Lacroix, Kilian"]
[Result "1-0"]
[WhiteTitle "IM"]
[WhiteElo "2300"]
[BlackElo "2129"]
[WhiteFideId "633275"]
[BlackFideId "36091855"]
[EventDate "2020.05.16"]

1. c4 Nf6 2. g3 g6 3. Bg2 Bg7 4. Nf3 O-O 5. O-O d6 6. d4 Nc6 7. Nc3 e5 8. dxe5
Nxe5 9. b3 Ne4 10. Nxe4 Nxf3+ 11. Bxf3 Bxa1 12. Bh6 Bg7 13. Bxg7 Kxg7 14. Qd4+
f6 15. Rd1 Qe7 16. Bg2 Bf5 17. Nc3 Rae8 18. Bxb7 c5 19. Qd5 Be6 20. Qg2 Bh3 21.
Qxh3 Qxb7 22. Rxd6 Rf7 23. Qg4 Qc7 24. Qf4 Qa5 25. Qd2 Rfe7 26. e3 Re5 27. Rxf6
Qc7 28. Rd6 R8e7 29. e4 Rf7 30. f4 Re8 31. e5 Qb7 32. Nd5 Ref8 33. e6 Re7 34.
Nxe7 1-0

[Event "ch-FRA Blitz Online Qual"]
[Site "Europe-Chess INT"]
[Date "2020.05.16"]
[Round "5"]
[White "Hamon, Christian"]
[Black "Fantinel, Thibault"]
[Result "1/2-1/2"]
[BlackTitle "IM"]
[WhiteElo "2015"]
[BlackElo "2375"]
[WhiteFideId "614327"]
[BlackFideId "663395"]
[EventDate "2020.05.16"]

1. Nf3 Nf6 2. g3 d5 3. Bg2 e6 4. O-O c5 5. d3 Nc6 6. Nbd2 g6 7. e4 Bg7 8. Re1
O-O 9. c3 b6 10. e5 Nd7 11. d4 a5 12. h4 cxd4 13. cxd4 Nb4 14. Nf1 Ba6 15. Bg5
Qc7 16. Re3 Rfc8 17. Rc3 Qb7 18. a3 Nc6 19. Rac1 b5 20. h5 b4 21. axb4 axb4 22.
R3c2 Na5 23. hxg6 hxg6 24. Rxc8+ Rxc8 25. Rxc8+ Qxc8 26. Ne3 b3 27. Qd2 Qc7 28.
Ne1 Bf8 29. Nd3 Bxd3 30. Qxd3 Qc1+ 31. Kh2 Qxb2 32. Qb5 Qa2 33. Qxd7 b2 34. Nxd5
Qxd5 35. Bxd5 b1=Q 36. Bxe6 fxe6 37. Qxe6+ Kh7 38. Qf7+ Bg7 39. Bf6 Qb7 40.
Qxg7+ Qxg7 41. Bxg7 Kxg7 42. d5 g5 43. f3 Kg6 44. Kh3 Kf5 45. e6 Kf6 46. Kg4 Nc4
47. f4 gxf4 48. gxf4 Ne3+ 49. Kf3 Nxd5 50. Ke4 Nxf4 51. Kxf4 Kxe6 1/2-1/2

[Event "ch-FRA Blitz Online Qual"]
[Site "Europe-Chess INT"]
[Date "2020.05.16"]
[Round "5"]
[White "Bailly, Thierry"]
[Black "Navrotescu, Catalin"]
[Result "0-1"]
[BlackTitle "IM"]
[WhiteElo "1989"]
[BlackElo "2348"]
[WhiteFideId "26051680"]
[BlackFideId "1200208"]
[EventDate "2020.05.16"]

1. e4 c5 2. Nf3 Nc6 3. Bb5 d6 4. O-O Bd7 5. Re1 a6 6. Bxc6 Bxc6 7. c3 Nf6 8. d3
e6 9. Bg5 Be7 10. Nbd2 O-O 11. Qc2 b5 12. d4 cxd4 13. Nxd4 Bb7 14. N2f3 Rc8 15.
Rad1 Qc7 16. e5 dxe5 17. Nxe5 Rfd8 18. f4 h6 19. Bh4 Bc5 20. Bf2 Nd5 21. f5 exf5
22. Qxf5 Re8 23. Nef3 Qf4 24. Qd3 Qf6 25. Rf1 Nf4 26. Qd2 Bxf3 27. Nxf3 Re2 28.
Qd7 Bb6 29. Qxc8+ Kh7 30. Qd7 Qg6 31. g3 Nh3+ 32. Kg2 Bxf2 33. Qd3 Nf4+ 34. Kh1
Nxd3 35. Rxd3 Qxd3 0-1

[Event "ch-FRA Blitz Online Qual"]
[Site "Europe-Chess INT"]
[Date "2020.05.16"]
[Round "5"]
[White "Kantzer, Romain"]
[Black "Bulmaga, Irina"]
[Result "0-1"]
[BlackTitle "IM"]
[WhiteElo "1930"]
[BlackElo "2440"]
[WhiteFideId "26024640"]
[BlackFideId "13903063"]
[EventDate "2020.05.16"]

1. d4 Nf6 2. Bf4 e6 3. e3 b6 4. Nf3 Bb7 5. Nbd2 d6 6. c3 g6 7. Bd3 Bg7 8. h3
Nbd7 9. e4 O-O 10. O-O e5 11. Bh2 Qe7 12. Qe2 a6 13. Nc4 Nh5 14. Rfe1 a5 15. a4
Rae8 16. Rad1 Kh8 17. Bb1 Nf4 18. Bxf4 exf4 19. Na3 f5 20. Nd2 fxe4 21. Bxe4 d5
22. Bf3 Qf7 23. Qf1 c6 24. Nab1 Nf6 25. Rxe8 Rxe8 26. Re1 Bc8 27. Rxe8+ Qxe8 28.
Qe2 Qf7 29. Nf1 g5 30. Nh2 h5 0-1

[Event "ch-FRA Blitz Online Qual"]
[Site "Europe-Chess INT"]
[Date "2020.05.16"]
[Round "5"]
[White "Degraeve, Remy"]
[Black "Bournel, Antoine"]
[Result "1-0"]
[WhiteTitle "FM"]
[WhiteElo "2328"]
[BlackElo "2238"]
[WhiteFideId "26024560"]
[BlackFideId "26093553"]
[EventDate "2020.05.16"]

1. d4 Nf6 2. c4 e6 3. Nc3 Bb4 4. f3 d5 5. a3 Bxc3+ 6. bxc3 c5 7. cxd5 exd5 8. e3
Qc7 9. Bd3 cxd4 10. cxd4 Qc3+ 11. Qd2 Qxa1 12. Ne2 O-O 13. Nc3 b6 14. Bb1 Ba6
15. Bb2 Qxb2 16. Qxb2 Nc6 17. Kf2 Na5 18. Ba2 Bc4 19. g4 Bxa2 20. Qxa2 Rac8 21.
Nxd5 Nxd5 22. Qxd5 Rc2+ 23. Kg3 Nc4 24. Re1 Re8 25. Qf5 Rc3 26. e4 Nd2 27. Qb5
Rd8 28. Qb4 Rxf3+ 29. Kg2 Rd3 30. d5 h6 31. Rd1 Nxe4 32. Rxd3 1-0

[Event "ch-FRA Blitz Online Qual"]
[Site "Europe-Chess INT"]
[Date "2020.05.16"]
[Round "5"]
[White "Fardet, Elouan"]
[Black "Suarez Uriel, Adrian"]
[Result "0-1"]
[BlackTitle "IM"]
[WhiteElo "2163"]
[BlackElo "2340"]
[WhiteFideId "45163596"]
[BlackFideId "22230874"]
[EventDate "2020.05.16"]

1. e4 c5 2. Nf3 Nc6 3. d4 cxd4 4. Nxd4 g6 5. Nc3 Bg7 6. Be3 Nf6 7. Bc4 O-O 8.
Bb3 Re8 9. h4 d6 10. f3 Na5 11. Qd2 Nxb3 12. axb3 d5 13. e5 Nh5 14. g4 Ng3 15.
Rg1 Bxe5 16. f4 Bg7 17. Rxg3 e5 18. fxe5 Qxh4 19. Bf2 Rxe5+ 20. Nde2 Bxg4 21.
O-O-O Bh6 22. Be3 Rxe3 23. Rxe3 Qf2 24. Nxd5 Bxe3 25. Qxe3 Qxe3+ 26. Nxe3 Bxe2
27. Rd7 Bf3 28. c4 h5 29. c5 Re8 30. Kd2 h4 31. Nf1 h3 32. Ng3 h2 0-1

[Event "ch-FRA Blitz Online Qual"]
[Site "Europe-Chess INT"]
[Date "2020.05.16"]
[Round "5"]
[White "Stephan, Victor"]
[Black "Baroyan, Davit"]
[Result "1-0"]
[WhiteTitle "IM"]
[WhiteElo "2439"]
[BlackElo "2218"]
[WhiteFideId "656666"]
[BlackFideId "26033607"]
[EventDate "2020.05.16"]

1. d4 d5 2. c4 e6 3. Nc3 c6 4. e4 dxe4 5. Nxe4 Bb4+ 6. Nc3 c5 7. Be3 Nc6 8. Nf3
Nf6 9. Be2 Ne4 10. Rc1 Nxc3 11. bxc3 Ba3 12. Rb1 Qa5 13. O-O O-O 14. Rb5 Qc7 15.
Qb3 cxd4 16. cxd4 Be7 17. Qb1 Bf6 18. Rd1 b6 19. Ng5 Bxg5 20. Rxg5 Bb7 21. Qe4
Ne7 22. Qg4 Ng6 23. h4 f5 24. Qh3 Nf4 25. Rxg7+ Kxg7 26. Qg3+ Kf7 27. Bxf4 Qc6
28. Bh5+ Ke7 29. Qg7+ 1-0

[Event "ch-FRA Blitz Online Qual"]
[Site "Europe-Chess INT"]
[Date "2020.05.16"]
[Round "5"]
[White "Delabarre, Olivier"]
[Black "Droin, Augustin"]
[Result "0-1"]
[BlackTitle "FM"]
[WhiteElo "1997"]
[BlackElo "2313"]
[WhiteFideId "632481"]
[BlackFideId "45105987"]
[EventDate "2020.05.16"]

1. d4 d5 2. c4 c6 3. cxd5 cxd5 4. Nc3 Nc6 5. e4 e6 6. e5 Bb4 7. Ne2 Nh6 8. a3
Be7 9. Ng3 Qb6 10. Be3 Bd7 11. b4 Rc8 12. Na4 Qd8 13. Nc5 b6 14. Nb3 Bg5 15. Bd3
Bxe3 16. fxe3 Qg5 17. Qe2 Ng4 18. Nf1 f6 19. exf6 Nxf6 20. Nbd2 O-O 21. Nf3 Qh6
22. h3 Ne4 23. g4 Rce8 24. Bxe4 dxe4 25. Ne5 Nxe5 26. dxe5 Qh4+ 0-1

[Event "ch-FRA Blitz Online Qual"]
[Site "Europe-Chess INT"]
[Date "2020.05.16"]
[Round "5"]
[White "Shirazi, Kamran"]
[Black "Guillemart, Serge"]
[Result "1-0"]
[WhiteTitle "IM"]
[WhiteElo "2355"]
[BlackElo "2107"]
[WhiteFideId "2000733"]
[BlackFideId "26015579"]
[EventDate "2020.05.16"]

1. e4 e5 2. Nc3 Nf6 3. f4 d5 4. fxe5 Nxe4 5. Qf3 Nc6 6. Nxe4 Nd4 7. Qd1 dxe4 8.
c3 Nc6 9. Qa4 Qd5 10. Bb5 Bd7 11. d4 exd3 12. Nf3 Bc5 13. Bf4 O-O 14. O-O-O Bf5
15. Nh4 Be6 16. b3 a6 17. Bxd3 b5 18. Bxh7+ Kxh7 19. Rxd5 bxa4 20. Rxc5 Ne7 21.
c4 axb3 22. axb3 Rab8 23. Kc2 Ng6 24. Nxg6 Kxg6 25. Rxc7 Kf5 26. Bg3 Rfc8 27.
Rxc8 Rxc8 28. Ra1 Rc6 29. Kc3 g5 30. Ra5 g4 31. Bf2 Ke4 32. Ba7 Kf5 33. Bf2 Ke4
34. Bg3 Kf5 35. h4 gxh3 36. gxh3 Ke4 37. h4 Kf3 38. Be1 Kg4 39. Ra4 Kh5 40. Bd2
Kg4 41. Bg5 Kh5 42. Bf6 Kg6 43. Ra5 Kh5 44. Kd4 Rb6 45. Kc3 Rc6 46. Ra3 Kg6 47.
Kd4 Kh5 48. c5 Kg6 49. b4 Kh5 50. Rg3 Rc7 51. Rg8 Rd7+ 52. Kc3 Bf5 53. Rg5+ 1-0

[Event "ch-FRA Blitz Online Qual"]
[Site "Europe-Chess INT"]
[Date "2020.05.16"]
[Round "5"]
[White "Kirk, Ezra"]
[Black "Lambach, Maxime"]
[Result "1-0"]
[WhiteTitle "IM"]
[WhiteElo "2447"]
[BlackElo "1980"]
[WhiteFideId "600067"]
[BlackFideId "36056880"]
[EventDate "2020.05.16"]

1. d4 d5 2. c4 e6 3. Nc3 Nf6 4. cxd5 exd5 5. Bg5 Be7 6. e3 c6 7. Qc2 Nbd7 8. Bd3
h6 9. Bh4 O-O 10. Nge2 Re8 11. O-O Ne4 12. Bxe7 Qxe7 13. Ng3 Ndf6 14. Rae1 Bd7
15. f3 Nxg3 16. hxg3 Qd6 17. Qf2 Re7 18. e4 dxe4 19. Nxe4 Nxe4 20. fxe4 Rae8 21.
Bb1 Be6 22. Rd1 Bc4 23. Rfe1 Qb4 24. Kh2 Be6 25. Qc2 Bg4 26. Rd2 g6 27. a3 Qb6
28. Qc3 Qc7 29. Rf2 Kh7 30. Rf4 Be6 31. Ref1 a6 32. Qf3 Rf8 33. Rf6 Qd7 34. Qe3
Rg8 35. e5 Rg7 36. R1f4 Kg8 37. Rh4 h5 38. Rhf4 Qe8 39. Rf2 Bd5 40. Qf4 Qd7 41.
Qg5 Qe8 42. g4 hxg4 43. Qxg4 Rh7+ 44. Kg1 Rg7 45. Qg5 Be6 46. R2f4 Rh7 47. Rh4
Rxh4 48. Qxh4 Kg7 49. Qf2 Qh8 50. Rf4 Qh5 51. Rh4 Qd1+ 52. Kh2 Qxb1 53. Qf6+ Kg8
54. Rh8# 1-0

[Event "ch-FRA Blitz Online Qual"]
[Site "Europe-Chess INT"]
[Date "2020.05.16"]
[Round "5"]
[White "Le Pen, Steven"]
[Black "Vlachos, Anatole"]
[Result "0-1"]
[BlackTitle "IM"]
[WhiteElo "2141"]
[BlackElo "2401"]
[WhiteFideId "612197"]
[BlackFideId "26093189"]
[EventDate "2020.05.16"]

1. e4 c5 2. Nf3 Nc6 3. d4 cxd4 4. Nxd4 Nf6 5. Nc3 e5 6. Ndb5 d6 7. Bg5 a6 8. Na3
b5 9. Bxf6 gxf6 10. Nd5 f5 11. Bd3 Be6 12. c3 Bxd5 13. exd5 Ne7 14. O-O Bg7 15.
f4 e4 16. Be2 O-O 17. Nc2 a5 18. a3 Rb8 19. Kh1 Qb6 20. Qd2 Rfc8 21. Rg1 Rc5 22.
Ne3 b4 23. axb4 axb4 24. Ra6 Qb7 25. cxb4 Qxb4 26. Qxb4 Rxb4 27. Rxd6 Bd4 28. g4
Bxe3 29. gxf5+ Bxg1 30. f6 Ng6 31. Kxg1 Rxb2 32. Kf1 Rc1+ 33. Kf2 Rcc2 34. f5
Rxe2+ 35. Kg3 Rg2+ 36. Kh3 Rxh2+ 0-1

[Event "ch-FRA Blitz Online Qual"]
[Site "Europe-Chess INT"]
[Date "2020.05.16"]
[Round "5"]
[White "Sochacki, Wojtek"]
[Black "Henry, Tony"]
[Result "1-0"]
[WhiteTitle "IM"]
[WhiteElo "2320"]
[BlackElo "1979"]
[WhiteFideId "651389"]
[BlackFideId "622427"]
[EventDate "2020.05.16"]

1. e4 c5 2. Nf3 Nc6 3. b4 cxb4 4. d4 d5 5. exd5 Qxd5 6. c4 bxc3 7. Nxc3 Qd6 8.
d5 Ne5 9. Bf4 Nxf3+ 10. Qxf3 Qb4 11. Bb5+ Bd7 12. Bxd7+ Kxd7 13. O-O Nf6 14.
Rab1 Qa3 15. Rxb7+ Ke8 16. Re1 Rc8 17. Be5 Nd7 18. Bd4 Rc4 19. Rxa7 Qd6 20. Ra8+
Nb8 21. Be5 Rxc3 22. Qxc3 Qd8 23. Rb1 1-0

[Event "ch-FRA Blitz Online Qual"]
[Site "Europe-Chess INT"]
[Date "2020.05.16"]
[Round "5"]
[White "Loiseau, Quentin"]
[Black "Monnot, Leo"]
[Result "1-0"]
[WhiteTitle "IM"]
[WhiteElo "2457"]
[BlackElo "1964"]
[WhiteFideId "665274"]
[BlackFideId "26093103"]
[EventDate "2020.05.16"]

1. Nf3 d5 2. e3 Nf6 3. c4 c6 4. Nc3 e6 5. d4 Be7 6. Bd3 O-O 7. O-O Nbd7 8. e4
dxe4 9. Nxe4 Nxe4 10. Bxe4 Nf6 11. Bc2 Qb6 12. Qd3 Rd8 13. Bg5 g6 14. Qc3 c5 15.
dxc5 1-0

[Event "ch-FRA Blitz Online Qual"]
[Site "Europe-Chess INT"]
[Date "2020.05.16"]
[Round "5"]
[White "Perrin, Antoine"]
[Black "Milliet, Sophie"]
[Result "0-1"]
[BlackTitle "IM"]
[WhiteElo "1967"]
[BlackElo "2401"]
[WhiteFideId "45127255"]
[BlackFideId "623725"]
[EventDate "2020.05.16"]

1. e4 c5 2. Nf3 e6 3. d4 cxd4 4. Nxd4 Nc6 5. Nc3 Qc7 6. Nxc6 bxc6 7. Bd3 d5 8.
O-O Bd6 9. g3 Ne7 10. exd5 exd5 11. Bg5 O-O 12. Qh5 Ng6 13. Ne2 c5 14. c3 Bb7
15. Nf4 d4 16. c4 Bxf4 17. Bxf4 Qc6 18. f3 Rfe8 19. Rae1 Qb6 20. b3 h6 21. Bxg6
fxg6 22. Qh3 Qf6 23. Qg4 g5 24. Bd2 Rxe1 25. Rxe1 Bxf3 26. Qe6+ Qxe6 27. Rxe6
Kf7 28. Re5 g4 29. Rxc5 Re8 30. Kf1 Re2 31. Bf4 d3 32. Rc7+ Ke6 33. Rxa7 d2 34.
Bxd2 Rxd2 35. Rxg7 Rxa2 36. Rg6+ Kf5 37. Rxh6 Rb2 38. h3 Rxb3 39. hxg4+ Kxg4 40.
Rg6+ Kf5 41. Rg8 Rb2 42. c5 Ke4 43. Re8+ Kd3 44. Re6 Be4 45. c6 Ke3 46. Kg1 Rb1+
47. Kh2 Rh1# 0-1

[Event "ch-FRA Blitz Online Qual"]
[Site "Europe-Chess INT"]
[Date "2020.05.16"]
[Round "5"]
[White "Barseghyan, Harutyun"]
[Black "Labelle, Ambroise"]
[Result "1-0"]
[WhiteTitle "IM"]
[WhiteElo "2463"]
[BlackElo "1952"]
[WhiteFideId "13304585"]
[BlackFideId "26092050"]
[EventDate "2020.05.16"]

1. d4 e6 2. Nf3 d5 3. c4 Nf6 4. g3 Bb4+ 5. Bd2 a5 6. Bg2 dxc4 7. Qc2 b5 8. a4 c6
9. axb5 cxb5 10. Bxb4 Nd5 11. Bc5 Nd7 12. Nc3 Nxc5 13. dxc5 Bb7 14. Nxb5 O-O 15.
Nd6 Ba6 16. O-O Qc7 17. Ne4 f5 18. Neg5 Rfe8 19. Nd4 Qxc5 20. Ndxe6 Qd6 21. Qxf5 1-0

[Event "ch-FRA Blitz Online Qual"]
[Site "Europe-Chess INT"]
[Date "2020.05.16"]
[Round "5"]
[White "Burgalat, Eliot"]
[Black "Le Goff, Damien"]
[Result "1/2-1/2"]
[BlackTitle "FM"]
[WhiteElo "1963"]
[BlackElo "2281"]
[WhiteFideId "36068659"]
[BlackFideId "634808"]
[EventDate "2020.05.16"]

1. Nf3 c5 2. c4 Nc6 3. g3 g6 4. Bg2 Bg7 5. O-O b6 6. e3 Bb7 7. d4 cxd4 8. exd4
Nf6 9. Nc3 Rc8 10. b3 O-O 11. Bb2 d5 12. cxd5 Nb4 13. d6 Qxd6 14. Nb5 Qb8 15.
Ba3 Nbd5 16. Bb2 a6 17. Na3 b5 18. Rc1 Nb4 19. Qe2 e6 20. Bc3 Nbd5 21. Bd2 Rxc1
22. Rxc1 Rc8 23. Ne5 Rxc1+ 24. Bxc1 Qc8 25. Qc2 Qxc2 26. Nxc2 Ne8 27. Ne3 Nec7
28. Ba3 Bf8 29. Bxf8 Kxf8 30. Nd7+ Ke7 31. Nc5 Bc6 32. Nxd5+ Bxd5 33. Bxd5 Nxd5
34. Nxa6 Nc3 35. Nc7 Kd7 36. Na6 Nxa2 37. Kg2 Nc1 38. b4 Ne2 39. Nc5+ Ke7 40.
Kf3 Nxd4+ 41. Ke4 Nc6 42. Nd3 Kd6 43. f4 f6 44. h3 h5 45. Ke3 Kd5 46. g4 Kc4 47.
gxh5 gxh5 48. f5 exf5 49. Nf4 h4 50. Ng6 Nxb4 51. Nxh4 Nd5+ 52. Kd2 b4 53. Nxf5
b3 54. h4 Nb4 55. Kc1 Nd3+ 56. Kb1 Nf4 57. Ne3+ Kd3 58. Ng4 Nh5 59. Kb2 Kc4 60.
Ne3+ Kb4 61. Nd5+ Kc4 62. Ne3+ Kd3 63. Ng4 f5 64. Nf2+ Ke2 65. Nh3 Kf3 66. Kxb3
Kg4 67. Nf2+ Kxh4 68. Kc3 Kg3 69. Nd3 Kf3 70. Kd2 Ng3 71. Ne1+ Ke4 72. Ng2 Nh5
73. Ke1 Nf4 74. Nh4 Nd3+ 75. Ke2 f4 76. Ng2 f3+ 77. Kf1 Nf4 78. Nh4 Ke3 79. Nxf3 1/2-1/2

[Event "ch-FRA Blitz Online Qual"]
[Site "Europe-Chess INT"]
[Date "2020.05.16"]
[Round "5"]
[White "Gretry, Patrice"]
[Black "Batsiashvili, Nino"]
[Result "0-1"]
[BlackTitle "GM"]
[WhiteElo "2017"]
[BlackElo "2457"]
[WhiteFideId "624675"]
[BlackFideId "13602993"]
[EventDate "2020.05.16"]

1. e4 c6 2. d4 d5 3. Nc3 dxe4 4. Nxe4 Nf6 5. Nxf6+ exf6 6. Be3 Bd6 7. Qd2 O-O 8.
O-O-O Be6 9. Kb1 Nd7 10. Nf3 a5 11. Bf4 Nb6 12. Bd3 a4 13. Rhe1 Bxf4 14. Qxf4
Qd5 15. Rxe6 Qxe6 16. Re1 Qd5 17. Re7 Rab8 18. Qc7 Qd8 19. Qxd8 Rfxd8 20. Re4
Re8 21. Rh4 g6 22. c4 Rbd8 23. Kc2 Kg7 24. a3 Nd7 25. Kc3 Nf8 26. Kd2 Ne6 27.
Bc2 Ng5 28. Nxg5 fxg5 29. Rg4 h6 30. Kd3 f5 31. Rg3 Re4 32. Kc3 Rexd4 33. Re3
Kf6 34. Bxa4 Re4 35. Rh3 h5 36. Bc2 Re2 37. Rf3 g4 38. Rf4 Ke5 39. g3 Rdd2 40.
Bd3 Rxf2 41. Rd4 Rxh2 42. Rd7 Rxb2 43. Re7+ Kf6 44. Rd7 h4 45. gxh4 g3 46. Rd6+
Kg7 47. c5 Rbf2 48. Rd7+ Kh6 49. Bc4 Rxh4 50. Bg8 g2 51. Rh7+ Kg5 0-1